banner-ar

المنهجية العلمية التطبيقية لترميم وصيانة الزجاج المعشق بالرصاص : (Record no. 67587)

MARC details
000 -الفاتح
حقل البيانات ثابتة الطول 01287nam a2200277Ia 4500
005 - وقت وتاريخ اخر تعامل مع التسجيلة
رقم الضبط 20250622124032.0
008 - عناصر البيانات ثابتة الطول - معلومات عامة
حقل البيانات ثابتة الطول 250617s9999||||xx |||||||||||||| ||ara||
017 ## - رقم الايداع القانونى
رقم الايداع القانونى 2025/3508
المصدر ( الهيئة المختصة) مصر. دار الكتب
020 ## - الرقم الدولى المعيارى للكتب
الرقم الدولى المعيارى للكتاب 9786339954030
082 04 - رقم تصنيف ديوى العشرى
رقم التصنيف "748,50288"
رقم المادة أ م
100 0# - المدخل الرئيسى - إسم شخصى
الإسم الشخصى أحمد فتحى الشارونى
245 10 - بيان العنوان
العنوان المنهجية العلمية التطبيقية لترميم وصيانة الزجاج المعشق بالرصاص :
بقية العنوان من واقع الخبرات التنفيذية /
بيان المسئوليه,etc "إعداد وتنفيذ أحمد فتحى الشارونى ؛ تقديم رمضان عوض عبدالله ، نبيل أحمد عبد التواب ، إبراهيم محمد يوسف"
250 ## - بيان الطبعة
بيان الطبعة ط1
260 3# - PUBLICATION, DISTRIBUTION, ETC. (IMPRINT)
تاريخ النشر أو التوزيع 2025.
300 ## - الوصف المادى
التعداد 169ص :
تفاصيل ماديه اخرى للوعاء صور ؛
أبعاد الوعاء 25سم.
650 ## - المدخل الاضافى بالموضوع-مصطلح موضوعى
مصطلح موضوعي البللور
650 ## - المدخل الاضافى بالموضوع-مصطلح موضوعى
مصطلح موضوعي الرسم على الزجاج
650 ## - المدخل الاضافى بالموضوع-مصطلح موضوعى
مصطلح موضوعي الزجاج
650 ## - المدخل الاضافى بالموضوع-مصطلح موضوعى
مصطلح موضوعي الزجاج
التقسيم الفرعي العام صناعة وتجارة
650 ## - المدخل الاضافى بالموضوع-مصطلح موضوعى
مصطلح موضوعي حفر الزجاج
700 0# - المدخل الاضافى - اسم شخصى
الإسم الشخصى إبراهيم محمد يوسف
الدور مقدم
700 0# - المدخل الاضافى - اسم شخصى
الإسم الشخصى رمضان عوض عبدالله
الدور مقدم
700 0# - المدخل الاضافى - اسم شخصى
الإسم الشخصى نبيل أحمد عبد التواب
الدور مقدم
942 ## - عناصر المدخل الإضافي( كوها)
Koha [default] item type كتاب
260 3# - PUBLICATION, DISTRIBUTION, ETC. (IMPRINT)
-- القاهرة :
-- "حسن أبو شادى للأبحاث والنشر،"
Holdings
حالة التراجع حالة الفقد حالة تلف ليس للاعارة المكان المؤقت الموقع الحالى موقع الترفيف تاريخ الاكتساب اجمالي اﻻعارات تاريخ اخر مشاهدة تاريخ تفعيل السعر نوع وعاء كوها
        مكتبة القاهرة الكبرى مكتبة القاهرة الكبرى قاعة الفنون_ك عربى 06/22/2025   06/22/2025 06/22/2025 كتاب

Powered By

EGPV